00341pab a2200121 454500008004000000100002100040245009200061260000900153300001300162362001100175650001300186773002000199180718b2007 xxu||||| |||| 00| 0 eng d aAhuja, Malvinder aPreferences of teachers on social values according to their experience and subject area c2007 ap.11-17. a23 Apr aTeachers aUniversity News